00750nam a2200229 a 4500008004100000020003000041040001500071100002500086245008400111250001900195260004000214300002900254336002600283337002800309338002700337500002000364500004900384650004400433700002500477003000100502005001700503  a9781452271002 (Paperback) aNUSTcNUST1 aMarshall, Catherine.10aDesigning qualitative research /cCatherine Marshall [and] Gretchen B. Rossman. aSixth edition. aLondon :bSage Publications,c2016. axxi, 309 pages ;c24 cm. atextbtxt2rdacontent aunmediatedbn2rdamedia avolumebnc2rdacarrier aIncludes index. aIncludes includes biblioraphical references. 1aSocial sciencesxResearchxMethodology. aGretchen B. Rossman.20240627161844.0